Wrestlers by Picture 15: Women of the 2020's - Statistics

General Stats
  • This quiz has been taken 83 times
  • The average score is 13 of 16
Answer Stats
Picture Answer % Correct
Rhea Ripley
96%
Bayley
94%
Becky Lynch
93%
Bianca Belair
92%
Naomi
92%
Asuka
90%
Nia Jax
90%
Liv Morgan
89%
Iyo Sky
86%
Jade Cargill
82%
Kairi Sane
73%
Athena
66%
Jordynne Grace
65%
Dakota Kai
62%
Toni Storm
61%
Dr. Britt Baker
49%
No matching quizzes found
Score Distribution
Percent of People with Each Score
Percentile by Number Answered
Your Score History
You have not taken this quiz